[Event "FRA-chT1A 0809"]
[Site "France"]
[Date "2009.02.08"]
[Round "7.7"]
[White "Richard, Emma"]
[Black "Stefanski, Pascal"]
[Result "1-0"]
[WhiteElo "2073"]
[BlackElo "2077"]
[PlyCount "53"]
[EventDate "2008.10.19"]
[EventType "team-tourn"]
[EventRounds "11"]
[EventCountry "FRA"]
[SourceTitle "EXT 2010"]
[Source "ChessBase"]
[SourceDate "2010.11.25"]
[SourceVersion "1"]
[SourceVersionDate "2010.11.25"]
[SourceQuality "1"]
[WhiteTeam "Mulhouse II"]
[BlackTeam "Besancon TPG"]
[WhiteTeamCountry "FRA"]
[BlackTeamCountry "FRA"]

1. e4 c5 2. Nf3 e6 3. d4 cxd4 4. Nxd4 a6 5. Bd3 Nf6 6. c4 Nc6 7. Nxc6 dxc6 8. 0-0 e5 9. Bg5 Be7 10. Nc3 0-0 11. h3 Nd7 12. Be3 Bc5 13. Qe2 Bxe3 14. Qxe3 Qe7 15. a3 a5 16. Na4 Rd8 17. c5 Nf8 18. Nb6 Rb8 19. Nc4 Ne6 20. b4 Nf4 21. Rfd1 Qg5 22. Bf1 Bxh3 23. Qg3 Qh5 24. Rxd8+ Rxd8 25. gxh3 Ne2+ 26. Bxe2 Qxe2 27. Nd6 1-0

[Event "FRA-chT1A 0809"]
[Site "France"]
[Date "2008.11.08"]
[Round "2.7"]
[White "Stefanski, Pascal"]
[Black "Loiseau, Quentin"]
[Result "0-1"]
[WhiteElo "2088"]
[BlackElo "2062"]
[PlyCount "72"]
[EventDate "2008.10.19"]
[EventType "team-tourn"]
[EventRounds "11"]
[EventCountry "FRA"]
[SourceTitle "EXT 2010"]
[Source "ChessBase"]
[SourceDate "2010.11.25"]
[SourceVersion "1"]
[SourceVersionDate "2010.11.25"]
[SourceQuality "1"]
[WhiteTeam "Besancon TPG"]
[BlackTeam "Creteil"]
[WhiteTeamCountry "FRA"]
[BlackTeamCountry "FRA"]

1. e4 c5 2. Nf3 Nc6 3. d4 cxd4 4. Nxd4 Nf6 5. Nc3 e5 6. Ndb5 d6 7. Nd5 Nxd5 8. exd5 Nb8 9. c4 Be7 10. Bd3 f5 11. f3 0-0 12. 0-0 a6 13. Nc3 Nd7 14. Kh1 g5 15. Be3 e4 16. fxe4 f4 17. Bd4 Bf6 18. Bxf6 Qxf6 19. e5 Nxe5 20. Ne4 Qh6 21. c5 Ng4 22. h3 Ne3 23. Qd2 dxc5 24. Kg1 Bf5 25. Nxc5 Nxf1 26. Bxf1 Qf6 27. Rd1 Rac8 28. b4 a5 29. d6 b6 30. Nb7 Rf7 31. Ba6 Rc2 32. Qe1 Be6 33. bxa5 f3 34. Qe4 Rxg2+ 35. Kh1 Qh6 36. h4 Rg4 0-1

[Event "Pierrevert op"]
[Site "Pierrevert"]
[Date "2004.??.??"]
[Round "?"]
[White "Hawkes, John E"]
[Black "Stefanski, Pascal"]
[Result "1/2-1/2"]
[WhiteElo "1980"]
[BlackElo "2081"]
[PlyCount "29"]
[EventDate "2004.??.??"]
[EventType "swiss (rapid)"]
[EventRounds "9"]
[EventCountry "FRA"]
[SourceTitle "EXT 2005"]
[Source "ChessBase"]
[SourceDate "2004.11.15"]
[SourceVersion "1"]
[SourceVersionDate "2004.11.15"]
[SourceQuality "1"]

1. Nc3 d5 2. d4 Bf5 3. Nf3 e6 4. Bf4 a6 5. a3 Nf6 6. Ne5 c5 7. e3 Nbd7 8. f3 Nxe5 9. Bxe5 Nd7 10. Bg3 cxd4 11. exd4 Rc8 12. Bd3 Bxd3 13. Qxd3 Qb6 14. Nd1 Bd6 15. Bxd6 1/2-1/2

[Event "FRA-chT"]
[Site "France"]
[Date "1994.??.??"]
[Round "?"]
[White "Marciano, David"]
[Black "Stefanski, Pascal"]
[Result "1-0"]
[WhiteElo "2405"]
[BlackElo "2205"]
[PlyCount "73"]
[EventDate "1994.??.??"]
[EventType "team"]
[EventRounds "11"]
[EventCountry "FRA"]
[SourceTitle "TD"]
[Source "ChessBase"]
[SourceDate "1994.03.01"]
[SourceVersion "1"]
[SourceVersionDate "1994.03.01"]
[SourceQuality "1"]

1. e4 e6 2. d4 d5 3. Nd2 c5 4. Ngf3 Nf6 5. exd5 exd5 6. Bb5+ Bd7 7. Bxd7+ Nbxd7 8. 0-0 Be7 9. dxc5 Nxc5 10. Re1 0-0 11. Nf1 Qc7 12. Be3 Nce4 13. Bd4 Bc5 14. Ne3 Rfd8 15. c3 a5 16. a4 Ra6 17. Qc2 Re6 18. Rad1 Qf4 19. Bxc5 Nxc5 20. Rd4 Re4 21. Red1 Rxd4 22. Rxd4 Nce4 23. c4 Qc7 24. Nxd5 Rxd5 25. Rxd5 Nxd5 26. Qxe4 Nf6 27. Qd3 h6 28. b3 Nd7 29. Qe3 Kf8 30. Nd4 Nc5 31. Nf5 Ne6 32. g3 Kg8 33. h4 Qd8 34. Qe5 Qd1+ 35. Kg2 Qxb3 36. Qb8+ Kh7 37. Ne7 1-0

[Event "FRA-ch Accession"]
[Site "Chambery"]
[Date "1994.??.??"]
[Round "3"]
[White "Sarthou, Gaetan"]
[Black "Stefanski, Pascal"]
[Result "1-0"]
[WhiteElo "2250"]
[BlackElo "2165"]
[PlyCount "79"]
[EventDate "1994.??.??"]
[EventType "swiss"]
[EventRounds "11"]
[EventCountry "FRA"]
[SourceTitle "EXT 2004"]
[Source "ChessBase"]
[SourceDate "2003.11.25"]
[SourceVersion "1"]
[SourceVersionDate "2003.11.25"]
[SourceQuality "1"]

1. e4 e6 2. Qe2 c5 3. f4 Nc6 4. Nf3 g6 5. c3 Bg7 6. g3 Nge7 7. Bg2 d5 8. d3 b6 9. 0-0 Bb7 10. Na3 d4 11. c4 Qd7 12. Nc2 a6 13. Nd2 0-0 14. b3 Rae8 15. Rb1 Nb4 16. Nxb4 cxb4 17. a3 a5 18. axb4 axb4 19. Ra1 Ra8 20. Bb2 Rfd8 21. Rfc1 h5 22. Qe1 Qc6 23. Nf3 Qc5 24. Qf2 Nc6 25. Rxa8 Bxa8 26. Nd2 e5 27. Rf1 f6 28. Bh3 Qd6 29. Bc1 Bb7 30. Qe2 Bh6 31. f5 Be3+ 32. Kg2 g5 33. Qxh5 Ne7 34. Nf3 Ra8 35. Bxe3 dxe3 36. Nxg5 fxg5 37. f6 e2 38. Qxg5+ Kf7 39. Qg7+ Ke8 40. f7+ 1-0

[Event "FRA"]
[Site "France"]
[Date "1993.??.??"]
[Round "?"]
[White "Degraeve, Jean Marc"]
[Black "Stefanski, Pascal"]
[Result "1-0"]
[WhiteElo "2455"]
[BlackElo "2160"]
[PlyCount "61"]
[EventDate "1993.??.??"]
[EventType "team"]
[EventRounds "11"]
[EventCountry "FRA"]
[SourceTitle "TD"]
[Source "ChessBase"]
[SourceDate "1994.03.01"]
[SourceVersion "1"]
[SourceVersionDate "1994.03.01"]
[SourceQuality "1"]

1. e4 e6 2. d4 d5 3. Nd2 c5 4. Ngf3 Nf6 5. e5 Nfd7 6. c3 Be7 7. Bd3 h6 8. 0-0 Nc6 9. Qe2 c4 10. Bc2 b5 11. a3 a5 12. b3 cxb3 13. Nxb3 Ba6 14. Bd3 Qb6 15. Rb1 b4 16. axb4 Bxd3 17. Qxd3 axb4 18. c4 dxc4 19. Qxc4 0-0 20. Re1 Rac8 21. Qd3 Rfd8 22. Re4 Nf8 23. Rg4 Kh8 24. Qe4 Na5 25. Nxa5 Qxa5 26. Bxh6 gxh6 27. Qf4 Bg5 28. Nxg5 hxg5 29. Qxg5 Ng6 30. h4 Qa2 31. Rf1 1-0